Kosten, Nutzen und Auswirkungen neuer Informations- und Kommunikationstechniken Dissertation
Salvato in:
| Autore principale: | |
|---|---|
| Ente Autore: | |
| Natura: | Libro |
| Lingua: | tedesco |
| Pubblicazione: |
Bratislava
Ekonomická univerzita
1993
|
| Soggetti: | |
| Tags: |
Nessun Tag, puoi essere il primo ad aggiungerne!!
|
MARC
| LEADER | 00000nam a2200000 4500 | ||
|---|---|---|---|
| 001 | c014210 | ||
| 005 | 20250509095806.5 | ||
| 041 | 0 | |a ger | |
| 044 | |a SK | ||
| 245 | 1 | 0 | |a Kosten, Nutzen und Auswirkungen neuer Informations- und Kommunikationstechniken |b Dissertation |c Jochen Schumann |
| 264 | 1 | |a Bratislava |b Ekonomická univerzita |c 1993 | |
| 300 | |a 146 s. |e 1 samostat. príl. | ||
| 610 | 2 | 0 | |a technika |
| 610 | 2 | 0 | |a technológie informačné |
| 610 | 2 | 0 | |a technológie komunikačné |
| 610 | 2 | 0 | |a systémy informačné |
| 610 | 2 | 0 | |a dáta |
| 610 | 2 | 0 | |a programy spracovateľské |
| 610 | 2 | 0 | |a teletext |
| 610 | 2 | 0 | |a náklady |
| 610 | 2 | 0 | |a kvalifikácia |
| 610 | 2 | 0 | |a vzdelanie |
| 610 | 2 | 0 | |a trh práce |
| 610 | 2 | 0 | |a odbory |
| 610 | 2 | 0 | |a telekomunikácie |
| 100 | 1 | |a Schumann, Jochen | |
| 710 | 2 | |a Ekonomická univerzita v Bratislave | |